Vestník Slovenského zväzu výrobných družstiev
Salvato in:
| Natura: | Periodico |
|---|---|
| Lingua: | slovacco |
| Pubblicazione: |
Bratislava
Slovenský zväz výrobných družstiev
1986
|
| Tags: |
Nessun Tag, puoi essere il primo ad aggiungerne!!
|
MARC
| LEADER | 00000nas2a2200000 4500 | ||
|---|---|---|---|
| 001 | s030895 | ||
| 005 | 20200722120349.8 | ||
| 041 | 0 | |a slo | |
| 044 | |a SK | ||
| 245 | 1 | 0 | |a Vestník Slovenského zväzu výrobných družstiev |
| 264 | 1 | |a Bratislava |b Slovenský zväz výrobných družstiev |c 1986 | |
| 773 | 0 | |w eu_un_cat*s120896 | |